000 00631nam a22002297a 4500
003 UA-OsUOA
001 99016
007 ta
008 20130423b un ||||| |||| 00| 0 ukr d
100 _aТолстой А.
090 _a821.161.1
_bТ53
942 _cBK
040 _aUA-OsUOA
_brus
_cUA-OsUOA
_dUA-OsUOA
245 _aГолубые города
_bповести и рассказы
300 _a352 с.
955 _a3
041 _arus
080 _a821.161.1
260 _aМ.
_bМолодая гвардия
_c1976
650 7 _a82 Література. Літературознавство
_2UDC
999 _c385022
_d385022